000 02046cam a2200133 4500500
005 20251214001513.0
041 _afre
042 _adc
100 1 0 _aLoveluck, Benjamin
_eauthor
245 0 0 _aRéseaux, libertés et contrôle : Une généalogie politique d'internet
260 _bArmand Colin,
_c2015.
520 _aInternet incarne la liberté d’expression, la diffusion des connaissances, la création et l’innovation. Perçu comme un lieu de libre association et d’auto-organisation, il est érigé en vecteur de démocratie et de prospérité. Mais il est aussi traversé par des formes de surveillance et de centralisation, dont certains grands acteurs économiques et politiques ont su tirer parti pour asseoir leur domination. Comment comprendre une telle ambivalence ? Internet est-il un instrument de liberté ou de contrôle ? Cette dialectique est au cœur du réseau, né d’une matrice scientifique et militaire mais façonné par la contre-culture américaine. Des utopies du cyberespace à la Nouvelle économie, du hacking aux communs informationnels, cet ouvrage dessine une généalogie d’internet. Il décrypte ses projets emblématiques tels que Google, Facebook, WikiLeaks ou Wikipédia. Il éclaire les enjeux de pouvoir qui structurent notre environnement numérique, en exposant les philosophies politiques qui se sont affrontées et en analysant les logiques sociales qui s’y déploient. Il montre enfin que le réseau constitue une reconfiguration profonde de l’économie politique libérale et de ses notions clés (la propriété, la vie privée, etc.), où la libre circulation de l’information apparaît comme le principal socle de l’autonomie individuelle et collective. Ce livre apporte une contribution décisive à la théorie politique d’internet et une réflexion inédite sur les mutations du libéralisme contemporain, deux enjeux désormais indissociables.
856 4 1 _uhttps://shs.cairn.info/reseaux-libertes-et-controle--9782200293826?lang=fr&redirect-ssocas=7080
999 _c1566238
_d1566238